Statistics for UEFA Euro 2021 Quiz

Click here to take the quiz!

General Stats

  • This quiz has been taken 659 times
    (591 since last reset)
  • The average score is 16 of 20

Answer Stats

% Correct
Group DEngland
93%
Group FGermany
93%
Group AItaly
93%
Group FFrance
92%
Group ESpain
92%
Group FPortugal
91%
Group BBelgium
85%
Group ESweden
85%
Group CNetherlands
82%
Group BRussia
82%
Group DCroatia
81%
Group BDenmark
80%
Group AWales
80%
Group ASwitzerland
78%
Group EPoland
77%
Group ATurkey
77%
Group BFinland
73%
Group CUkraine
71%
Group CAustria
70%
Group DCzech Republic
68%

Score Distribution

Percentile by Number Answered

Percent of People with Each Score

Your Score History

You have not taken this quiz since the last reset